000 00559cam a22001934a 4500
005 20250605164202.0
008 250528s ||||||||||||||||||||||||d
035 _a19749
020 _a9604231081
040 _aGR-AtMCL
_bgre
_dGR-AtMCL
_eAACR2
245 1 _aΠΑΙΔΙΑ ΜΕ ΙΔΙΑΙΤΕΡΟΤΗΤΕΣ ΣΤΗ ΓΛΩΣΣΙΚΗ ΚΑΙ ΤΗΝ ΚΟΙΝΩΝΙΚΗ ΑΛΛΗΛΕΠΙΔΡΑΣΗ
250 _a1
260 _bΣαββαλας,
_c2005
300 _a288
700 1 _aAttwood Tony
_95947
942 _cBK
999 _c5005
_d5005